000 00733nam a22002177a 4500
999 _c5423
_d5423
003 AR-CdUCM
008 190312b ||||| |||| 00| 0 spa d
040 _aMUNICIPALIDAD PROVINCIAL DEL CUSCO
_cBIBLIOTECA MUNICIPAL DEL CUSCO
082 _a869.56 /
_bM79
100 _aMoreno Jimeno, Manuel
_915054
245 _aDelirio de los días /
260 _aMadrid :
_bInsula,
_c1967.
300 _a57 paginas ;
_c29 cm.
500 _aDonación de la familia Nieto.
505 _aContenido :La condena -- Hoy es el día mas cruel --Ya esta el orbe -- Viene el rayo triunfal ...
650 _aPoesías peruanas
_91481
650 _aCuentos del siglo XX
_916335
650 _aCuentos peruanos
_97
942 _2ddc
_cLIBROS
945 _arum